Pilquen, (Registro nro. 1231)
[ vista simple ]
| 000 -LEADER | |
|---|---|
| fixed length control field | 00538nas a22001697a 4500 |
| 008 - CAMPO DE CONTROL RECURSOS CONTINUADOS | |
| fixed length control field | 130307t20049999ag ||||| |||| 00| 0 spa d |
| 022 ## - INTERNATIONAL STANDARD SERIAL NUMBER | |
| International Standard Serial Number | 1666-0587 |
| 245 ## - TITULO | |
| Titulo | Pilquen, |
| Subtítulo y título paralelo | Seccion: Agronomia |
| 260 ## - PUBLICACION, DISTRIBUCION, ETC. (PIE DE IMPRENTA) | |
| Lugar de publicación, distribución, etc | Viedma: |
| Nombre de la editorial, distribuidor, etc. | Centro Universitario Regional Zona Atlantica (CURZA), |
| Fecha de publicación | 2004 |
| 300 ## - DESCRIPCION FISICA | |
| Extensión | v. : |
| 546 ## - NOTA DE IDIOMA | |
| Nota de lenguaje | español |
| 590 ## - NOTAS LOCALES (RLIN) | |
| Nota local | Indizada en : Latindex, LATBOOK y Dialnet |
| 590 ## - NOTAS LOCALES (RLIN) | |
| Nota local | Existencias: 2004 6(6); 2005 7(7); 2006/2007 8(8) |
| 650 ## - MATERIA-TERMINO TEMATICO | |
| Término temático | AGRONOMIA |
| 9 (RLIN) | 1952 |
| 856 ## - LOCALIZACION ELECTRONICA Y ACCESO | |
| Identificador Uniforme de Recurso (URI) | <a href="http://www.revistapilquen.com.ar/">http://www.revistapilquen.com.ar/</a> |
| 942 ## - ADDED ENTRY ELEMENTS (KOHA) | |
| Source of classification or shelving scheme | Dewey Decimal Classification |
| Item type | Continuing Resources |
No hay ítems disponibles.